| 000 | 00401 a2200145 4500 | ||
|---|---|---|---|
| 999 |
_c5490 _d5490 |
||
| 020 | _a9780855981877 | ||
| 050 | _aRA410GOO1993 | ||
| 100 |
_aGoodman,Hilary _eauthor |
||
| 245 |
_aFinancing health care / _cHilary Goodman; Catriona Waddington; Oxfam. |
||
| 264 |
_aOxford : _b Oxfam, _cc1993 |
||
| 300 | _a80p. : | ||
| 500 | _aincludes index | ||
| 650 | _a Medical care. | ||
| 942 |
_2lcc _cBK _h410 _iGOO _kRA |
||